Football Players by Wikipedia Descriptions #1 - Statistics

General Stats
  • This quiz has been taken 152 times
  • The average score is 9 of 10
Answer Stats
Description Answer % Correct
"...Uruguay's all-time leading goalscorer..." Luis Suarez
99%
"He is one of the few players to have made over 1,200 professional career appearances, the most by an outfield player, and has scored over 900 official senior career goals for club and country, making him the top goalscorer of all time." Cristiano Ronaldo
98%
"Shortly after winning the 2005 Ballon d'Or, teammate Ronaldinho commented, "I'm not even the best at Barça", in reference to his 18-year-old protégé." Lionel Messi
91%
"Furthermore, he was the fastest player to reach 100 Bundesliga clean sheets, doing so after only 183 appearances." Manuel Neuer
91%
"In 2015, he joined Southampton before signing for Liverpool in January 2018 for £75 million, a then-world-record transfer fee for a defender." Virgil van Dijk
91%
"Regarded as one of the greatest players in history and as the greatest Dutch footballer ever, he won the Ballon d'Or three times, in 1971, 1973, and 1974." Johan Cruyff
90%
"...plays as a right winger for Premier League club Arsenal and the England national team." Bukayo Saka
89%
"...helping the club win two La Liga–Champions League doubles, scoring the winning goal in the 2022 and 2024 finals..." Vinicius Junior
89%
"...the top Asian goalscorer in both Premier League and Champions League history..." Son Heung-min
83%
"...signed for Real Madrid for a fee of €103 million, and in his first season, was the club's top league scorer, helped them win the league title and the Champions League, and was voted La Liga Player of the Season." Jude Bellingham
78%
No matching quizzes found
Score Distribution
Percent of People with Each Score
Percentile by Number Answered
Your Score History
You have not taken this quiz